000 00609nam a2200205Ii 4500
003 JO-AjNU
008 230606s9999||||xx |||||||||||||| ||und||
020 _a978-81-265-1591-2
040 _aJO-AjNU
_beng
_erda
_cJO-AjNU
041 _aeng
050 1 4 _aHD30.4.2004
100 3 _aVelde,Mandy van der/paul jansen neil anderson,
_eauthor
_91252
245 0 0 _aMANAGEMENT RESARACH METHODS
264 3 1 _aIndiana:Wiley publishing inc.2004
300 _a253p
336 _atext
_btxt
_2rdacontent
337 _aunmediated
_bn
_2rdamedia
338 _avolume
_bnc
_2rdacarrier
650 4 _amanagement-research
_91253
999 _aE660
_c660
_d660